Statistics for Inazuma Eleven 1 All Moves

Click here to take the quiz!

General Stats

  • This quiz has been taken 175 times
  • The average score is 16 of 111

Answer Stats

HintAnswer% Correct
SaveGod Hand
90%
ShotFire Tornado
81%
SaveMajin the Hand
56%
BlockThe Wall
54%
ShotDragon Crash
39%
ShotDragon Tornado
38%
ShotDeath Zone
36%
DribbleIllusion Ball
36%
ShotGod Knows
34%
ShotInazuma-1
33%
ShotTri Pegasus
33%
ShotInazuma Drop
32%
ShotThe Phoenix
31%
ShotTriangle Z
30%
ShotInazuma Break
28%
BlockKiller Slide
27%
ShotBack Tornado
26%
SavePower Shield
25%
SaveTsunami Wall
25%
ShotTwin Boost
25%
SaveInfinite Wall
23%
SaveShot Pocket
22%
SaveFireball Knuckle
20%
ShotFire Rooster
20%
SaveFull Power Shield
20%
DribbleHeaven's Time
20%
ShotPhantom Shot
20%
SaveBlazing Knuckle
17%
ShotDark Tornado
17%
ShotEmperor Penguin No.2
17%
DribbleMagic
16%
ShotReflect Buster
15%
BlockSpinning Cut
15%
ShotSpinning Shot
15%
DribbleDash Storm
14%
ShotGrenade Shot
14%
SaveWhirlwind
14%
ShotCross Drive
13%
SaveGigant Wall
13%
ShotTarzan Kick
13%
BlockCoil Turn
12%
BlockCyclone
12%
ShotDivine Arrows
12%
BlockFake Ball
12%
BlockMega Quake
12%
DribbleFlurry Dash
11%
ShotRolling Kick
11%
SaveWood Chopper
10%
DribbleAttack Scan
9%
DribbleBewildered
9%
ShotComet Shot
9%
BlockDefence Scan
9%
ShotDirt Ball
9%
BlockEarthquake
9%
DribbleHeat Tackle
9%
SaveKiller Blade
9%
ShotPatriot Shot
9%
BlockQuick Draw
9%
SaveRocket Kobushi
9%
SaveSliding Goal
9%
SaveTriple Defence
9%
ShotWrath Shot
9%
ShotClone Shot
8%
ShotCondor Dive
8%
BlockDivine Stamp
8%
DribbleMonkey Turn
8%
ShotShine Drive
8%
ShotSpiral Shot
8%
ShotTeleport Shot
8%
SaveWarp Space
8%
SaveWild Claw
8%
BlockBamboo Pattern
7%
DribbleBreakthrough
7%
DribbleClone Faker
7%
DribbleDash Accelerator
7%
BlockHurricane Arrows
7%
ShotKung Fu Header
7%
SavePressure Punch
7%
ShotRun Ball Run
7%
BlockShadow Stitch
7%
ShotSnake Shot
7%
BlockSpider Web
7%
DribbleSuper Armadillo
7%
ShotUtter Gutsiness Bat
7%
DribbleAfterimage
6%
DribbleBlack Magic
6%
SaveCounter Strike
6%
BlockGhost Pull
6%
DribbleMole Fake
6%
BlockSumo Stomp
6%
SaveTornado Catch
6%
SaveToughness Block
6%
DribbleZigzag Spark
6%
BlockAbout Face
5%
BlockBlade Attack
5%
BlockHarvest
5%
SaveMistral
5%
ShotFreeze Shot
4%
ShotHawk Shot
4%
DribbleMoonsault
4%
DribbleRodeo Clown
4%
DribbleWhirlwind Cut
4%
DribbleWhirlwind Twister
4%
DribbleBoost Glider
3%
DribblePoison Fog
3%
ShotPsycho Shot
3%
ShotDynamite Shot
2%
BlockHorn Train
2%
ShotMeteor Attack
2%
DribbleRolling Hell
2%
BlockDobbelganger
1%

Score Distribution

Percentile by Number Answered

Percent of People with Each Score

Your Score History

You have not taken this quiz